000 01048nam a2200277 i 4500
001 18331
003 DO-SdUEMH
005 20260113165210.0
007 ta
008 260113s2010 sp a|||gr|||| 00| 0dspa d
020 _a9788496998094
040 _aDO-SdUEMH
_bspa
_erda
041 _aspa
082 1 4 _mCG
100 1 _eaut
245 _aManual de Control de Gestión
264 1 _aMadrid, España :
_bPROFIT,
_c2010
264 4 _c©2010
300 _a287 páginas :
_bilustraciones ;
_c22 cm.
336 _2rdacontent
_atexto
_btxt
337 _2rdamedia
_asin mediación
_bn
338 _2rdacarrier
_avolumen
_bnc
504 _aContiene Información Bibliográfica a Final de la Obra.
505 2 _aIntroducción al control de gestión -- Planificación estratégica -- Formulación de presupuestos -- Control presupuestario y análisis de desviaciones -- Centros de responsabilidad -- Indicadores -- Cuadro de mando integral -- Sistema de retribución variable -- Implantación de un sistema de control de gestión.
942 _2ddc
_cBK
_n0
999 _c18331
_d18331